000
00370nam a2200133Ia 4500
008
191206s9999 xx 000 0 und d
090
_a
E178.M85
245
0
_a
growth of the American republic
250
_a
Rev. and enl. ed.
260
_a
Oxford University Press
260
_c
c1937
300
_a
2 v.
999
_c
16096
_d
16096